[Event "IPCA Wch 19th"]
[Site "Ruzomberok"]
[Date "2019.07.04"]
[Round "7"]
[White "Matana, Zoran"]
[Black "Sovietova, Kateryna"]
[Result "1-0"]
[WhiteElo "1818"]
[BlackElo "1279"]
[PlyCount "123"]
[EventDate "2019.06.28"]
[EventType "swiss"]
[EventRounds "9"]
[EventCountry "SVK"]
[SourceTitle "CBM 191 Extra"]
[Source "ChessBase"]
[SourceDate "2019.09.30"]
[SourceVersion "1"]
[SourceVersionDate "2019.09.30"]
[SourceQuality "1"]

1. d4 Nf6 2. c4 g6 3. Nc3 Bg7 4. e4 d6 5. Be2 0-0 6. Be3 Nbd7 7. h3 b6 8. Bf3 Rb8 9. Nge2 c5 10. Ng3 cxd4 11. Bxd4 Bb7 12. 0-0 Bc6 13. a4 a5 14. Re1 Nc5 15. b3 Re8 16. Rb1 e5 17. Bxc5 bxc5 18. Nb5 Bxb5 19. axb5 Qb6 20. Qd2 Red8 21. Ra1 Ra8 22. Ra4 Ra7 23. Nf1 Bf8 24. g3 Bg7 25. Rea1 Rda8 26. R1a2 Nd7 27. Bg2 Bf8 28. Qe1 Bh6 29. Ne3 Bxe3 30. Qxe3 Nf8 31. f4 Qd8 32. Rd2 Qb6 33. f5 Qd8 34. h4 Kh8 35. Rf2 Qd7 36. Bh3 Qd8 37. Qd3 Nd7 38. Rd2 Nb6 39. Ra1 Qf8 40. Qxd6 Qxd6 41. Rxd6 Rb8 42. Bf1 Rd7 43. Rxd7 Nxd7 44. Rxa5 Kg7 45. Ra6 Nf6 46. Bg2 Ng4 47. Bf3 Nf6 48. g4 Rd8 49. g5 Nd7 50. f6+ Kf8 51. Rc6 Ke8 52. Bg4 Nb8 53. Rxc5 Nd7 54. Bxd7+ Rxd7 55. Rxe5+ Kd8 56. Rd5 Rxd5 57. exd5 Kc7 58. c5 Kd7 59. b6 Kc8 60. c6 Kd8 61. d6 Kc8 62. b4 1-0

[Event "CRO-chT4A Center"]
[Site "Zagreb"]
[Date "2010.03.28"]
[Round "2.64"]
[White "Blazeka, Damjan"]
[Black "Matana, Zoran"]
[Result "0-1"]
[WhiteElo "2051"]
[BlackElo "1960"]
[PlyCount "98"]
[EventDate "2010.03.21"]
[EventType "team-tourn"]
[EventRounds "11"]
[EventCountry "CRO"]
[SourceTitle "EXT 2012"]
[Source "ChessBase"]
[SourceDate "2011.11.24"]
[SourceVersion "1"]
[SourceVersionDate "2011.11.24"]
[SourceQuality "1"]

1. e4 c5 2. Nf3 d6 3. d4 cxd4 4. Nxd4 Nf6 5. Nc3 g6 6. Be3 Bg7 7. f3 Nc6 8. Qd2 h5 9. h4 Bd7 10. Bc4 Na5 11. Be2 Rc8 12. 0-0-0 Nc4 13. Bxc4 Rxc4 14. Qd3 Qc8 15. Ndb5 a6 16. Na7 Qc7 17. e5 dxe5 18. Bb6 Qxb6 19. Qxc4 0-0 20. Rxd7 Nxd7 21. Nc8 Qc5 22. Qxc5 Nxc5 23. Nxe7+ Kh7 24. g4 hxg4 25. fxg4 f5 26. g5 Re8 27. Ncd5 Rxe7 28. Nxe7 Bf8 29. Nd5 Kg7 30. Nf6 Be7 31. h5 gxh5 32. Rxh5 Bxf6 33. gxf6+ Kxf6 34. b4 Nd7 35. Rh7 Ke6 36. c4 e4 37. c5 f4 38. Kd2 Ne5 39. Rxb7 Kd5 40. Rb8 e3+ 41. Ke1 f3 42. Rd8+ Kc4 43. c6 Nxc6 44. Rc8 Kd5 45. a3 Nd4 46. a4 Ke4 47. Rc3 f2+ 48. Kf1 Kf3 49. b5 Nf5 0-1

[Event "Zagreb op-B"]
[Site "Zagreb"]
[Date "2010.02.25"]
[Round "1"]
[White "Matana, Zoran"]
[Black "Frank, Vladimir"]
[Result "0-1"]
[WhiteElo "1960"]
[BlackElo "2194"]
[PlyCount "68"]
[EventDate "2010.02.25"]
[EventType "swiss"]
[EventRounds "9"]
[EventCountry "CRO"]
[SourceTitle "CBM 135 Extra"]
[Source "ChessBase"]
[SourceDate "2010.05.04"]
[SourceVersion "1"]
[SourceVersionDate "2010.05.04"]
[SourceQuality "1"]

1. d4 Nf6 2. c4 e6 3. Nc3 Bb4 4. Bd2 0-0 5. Nf3 b6 6. e3 Bb7 7. Bd3 Bxc3 8. Bxc3 Ne4 9. 0-0 d6 10. Nd2 Nxc3 11. bxc3 f5 12. e4 Nd7 13. Qc2 f4 14. f3 e5 15. Nb3 Qe7 16. g4 fxg3 17. hxg3 Rf6 18. Rf2 Raf8 19. Raf1 Rg6 20. Rg2 Nf6 21. Kf2 exd4 22. Nxd4 Ng4+ 23. Ke2 Ne5 24. Nf5 Qe6 25. Ke1 Nxd3+ 26. Kd2 Nc5 27. Re2 Ba6 28. Rh1 Bxc4 29. Re3 Rxf5 30. exf5 Qd5+ 31. Kc1 Nd3+ 32. Kb1 Rxg3 33. Qh2 Qb5+ 34. Ka1 Rh3 0-1

[Event "Velika Gorica op 8th"]
[Site "Velika Gorica"]
[Date "2008.08.23"]
[Round "1"]
[White "Matana, Zoran"]
[Black "Jakupec, Denis"]
[Result "1/2-1/2"]
[WhiteElo "1947"]
[BlackElo "2191"]
[PlyCount "62"]
[EventDate "2008.08.23"]
[EventType "swiss"]
[EventRounds "9"]
[EventCountry "CRO"]
[SourceTitle "CBM 126 Extra"]
[Source "ChessBase"]
[SourceDate "2008.11.05"]
[SourceVersion "1"]
[SourceVersionDate "2008.11.05"]
[SourceQuality "1"]

1. d4 Nf6 2. e3 g6 3. Bd3 Bg7 4. f4 d6 5. Nf3 0-0 6. 0-0 c5 7. c3 Nc6 8. a3 e5 9. fxe5 dxe5 10. Qc2 cxd4 11. exd4 exd4 12. Bg5 dxc3 13. Nxc3 Be6 14. Kh1 Qc7 15. h3 Nd5 16. Nxd5 Bxd5 17. Rad1 Be6 18. b4 Rac8 19. Qf2 a5 20. b5 Ne5 21. Nxe5 Qxe5 22. Bf4 Qc3 23. Be4 Bc4 24. Rfe1 Bxb5 25. Bxb7 Rce8 26. Bd5 Rxe1+ 27. Qxe1 Qxe1+ 28. Rxe1 Rd8 29. Bf3 a4 30. Rb1 Bc4 31. Bd1 Bf8 1/2-1/2

[Event "Zagreb op"]
[Site "Zagreb"]
[Date "2007.03.18"]
[Round "2"]
[White "Matana, Zoran"]
[Black "Pandurevic, Miro"]
[Result "0-1"]
[WhiteElo "1895"]
[BlackElo "2266"]
[PlyCount "52"]
[EventDate "2007.03.17"]
[EventType "swiss"]
[EventRounds "9"]
[EventCountry "CRO"]
[SourceTitle "CBM 117 Extra"]
[Source "ChessBase"]
[SourceDate "2007.05.09"]
[SourceVersion "1"]
[SourceVersionDate "2007.05.09"]
[SourceQuality "1"]

1. e4 e6 2. d4 d5 3. e5 c5 4. c3 Qb6 5. Nf3 Bd7 6. Qb3 Nc6 7. Be3 c4 8. Qxb6 axb6 9. Be2 b5 10. 0-0 b4 11. Nbd2 b5 12. Rfc1 bxc3 13. bxc3 Ba3 14. Rcb1 b4 15. cxb4 Nxb4 16. Ne1 c3 17. Rxb4 Bxb4 18. Nb3 Ba3 19. Rb1 Bb2 20. Bd3 Rxa2 21. Nc2 Ne7 22. Nc5 Ra7 23. Bc1 0-0 24. Bxb2 Rb8 25. Ne3 cxb2 26. g3 Nc6 0-1

[Event "Velika Gorica op 4th"]
[Site "Velika Gorica"]
[Date "2004.08.21"]
[Round "1"]
[White "Skrbin, Kresimir"]
[Black "Matana, Zoran"]
[Result "0-1"]
[WhiteElo "2202"]
[BlackElo "1867"]
[PlyCount "58"]
[EventDate "2004.08.21"]
[EventType "swiss"]
[EventRounds "9"]
[EventCountry "CRO"]
[SourceTitle "EXT 2005"]
[Source "ChessBase"]
[SourceDate "2004.11.15"]
[SourceVersion "1"]
[SourceVersionDate "2004.11.15"]
[SourceQuality "1"]

1. d4 f5 2. g3 Nf6 3. Bg2 d5 4. c4 c6 5. Nf3 e6 6. 0-0 Bd6 7. b3 0-0 8. Ba3 Bxa3 9. Nxa3 Ne4 10. e3 Nd7 11. Nc2 Qf6 12. Nb4 Ng5 13. Nxg5 Qxg5 14. Nd3 Qe7 15. Qc2 g5 16. b4 h5 17. b5 Rf6 18. bxc6 bxc6 19. cxd5 exd5 20. Rfc1 Ba6 21. Nc5 Bc4 22. Nxd7 Qxd7 23. Bf3 f4 24. gxf4 gxf4 25. e4 Rg6+ 26. Kh1 Qh3 27. Qc3 Kh8 28. Rg1 Rxg1+ 29. Rxg1 Be2 0-1